Stavebno-technologický projekt na stavbu: Bytový dom Gala Residence Galanta

Gespeichert in:
Bibliographische Detailangaben
1. Verfasser: Sándorová, Kristína (Verfasst von)
Weitere Verfasser: Gašparík, Jozef (Betreuung Doktorarbeit)
Format: Manuskript Buch
Sprache:Slowakisch
Veröffentlicht: 2015
Schlagworte:
Online-Zugang:http://is.stuba.sk/zp/portal_zp.pl?podrobnosti=109878
https://opac.crzp.sk/?fn=detailBiblioForm&sid=78283B71680DBAF21D42D01D22D4
Tags: Tag hinzufügen
Keine Tags, Fügen Sie das erste Tag hinzu!

MARC

LEADER 00000ntm a22000003a 4500
001 stuzp51895
003 SK-STU
005 20231110141713.4
007 ta
008 150427s2015----xo-----f-mn---000-0-slo-d
040 |a STU  |b slo 
041 0 |a slo 
100 1 |a Sándorová, Kristína  |u 010270  |4 aut  |U SvF Stavebná fakulta  |T SvF Katedra technológie stavieb  |X 7650  |U V270  |Y 28  |7 A000007650 
242 0 1 |a Residental building Gala Residence, Galanta  |y eng 
245 1 0 |a Stavebno-technologický projekt na stavbu: Bytový dom Gala Residence Galanta 
260 |c 2015 
650 4 |a situácia zariadenie staveniska  |2 slo 
650 4 |a Stavebno-technologický projekt  |2 slo 
650 4 |a časový plán výstavby  |2 slo 
650 4 |a vnútorné keramické podlahy  |2 slo 
650 4 |a Construction--technological implementation project  |2 eng 
650 4 |a constatcion site project  |2 eng 
650 4 |a scheduconstruction works and employees  |2 eng 
650 4 |a inner ceramic floors  |2 eng 
700 1 |a Gašparík, Jozef  |4 ths  |X 2737  |7 A000002737 
856 4 |u http://is.stuba.sk/zp/portal_zp.pl?podrobnosti=109878 
856 4 |u https://opac.crzp.sk/?fn=detailBiblioForm&sid=78283B71680DBAF21D42D01D22D4 
SQL |a stuzp51895  |b DDP  |c SLO  |d Stavebno-technologický projekt na stavbu: Bytový dom Gala Residence Galanta  |e 7650  |f Sándorová, Kristína  |g 010270  |h 2737  |i Gašparík, Jozef  |j 20150617  |k 681  |l 01  |m http://is.stuba.sk/zp/portal_zp.pl?podrobnosti=109878  |n I-TS  |o 5.2.8. stavebníctvo